[Event "Olympiad-34"]
[Site "Istanbul"]
[Date "2000.11.07"]
[Round "10.2"]
[White "Aleksandrov, Aleksej"]
[Black "Xu, Jun"]
[Result "1/2-1/2"]
[WhiteElo "2591"]
[BlackElo "2668"]
[Annotator "Huzman,A"]
[PlyCount "117"]
[EventDate "2000.10.28"]
[EventType "team-swiss"]
[EventRounds "14"]
[EventCountry "TUR"]
[SourceTitle "EXT 2001"]
[Source "ChessBase"]
[SourceDate "2000.11.22"]
[SourceVersion "1"]
[SourceVersionDate "2000.11.22"]
[SourceQuality "1"]
[WhiteTeam "Belarus"]
[BlackTeam "China"]
[WhiteTeamCountry "BLR"]
[BlackTeamCountry "CHN"]

1. d4 d5 2. c4 (2. Nf3 Nf6 3. c4 dxc4 4. e3 e6 5. Bxc4 c5 6. O-O a6 7. Qe2 b5
8. Bb3 Bb7 9. Nc3 Nbd7 10. Rd1 Qb8 11. e4 cxd4 12. Nd5 Bd6 13. Nxf6+ Nxf6 14.
Bc2 e5 15. Nxd4 exd4 16. e5 Bxe5 17. f4 O-O 18. fxe5 Re8 19. Bf4 Nd5 20. Bg3
Ne3 21. Rxd4 Nxc2 22. Qxc2 $11 {1-0 Barczay,L-Portisch,F/Budapest 1965/MCD (40)
}) 2... c6 3. Nc3 Nf6 4. e3 a6 5. Bd3 dxc4 6. Bxc4 b5 7. Bb3 e6 8. Nf3 c5 9.
O-O Bb7 10. Qe2 Nbd7 11. Rd1 Qb8 12. e4 cxd4 13. Nd5 Bd6 14. Nxf6+ Nxf6 15. Bc2
e5 16. a4 O-O (16... b4 17. Nxd4 exd4 18. e5 Bxe5 19. f4 O-O 20. fxe5 Re8 21.
Bf4 Nd5 22. Bg3 Ne3 (22... Qa7 23. Qd3 $11) 23. Rxd4 Nxc2 24. Qxc2 $14) 17.
axb5 axb5 18. Bg5 (18. Rxa8 Qxa8 $17) 18... Nd7 19. Nh4 (19. Qxb5 Nc5 20. Nd2 (
20. Nxe5 Bxe5 21. Qxc5 Rc8 $19) 20... Ba6 (20... Rc8 $5 {[%cal Yc5e6,Ye6g5,
Yc8c2]}) 21. Qxb8 Rfxb8 22. Ra2 Bb7 23. Rxa8 Rxa8 $15 (23... Bxa8 $15)) 19...
Rxa1 20. Rxa1 g6 (20... Rc8 21. Nf5 Bf8 22. Bb3 Nc5 23. Bd5 Bxd5 24. exd5 f6
25. Bh4 Kh8 $17) 21. Qxb5 Nc5 22. b4 (22. Qe2 Bc6 (22... Rc8 $5) 23. Rb1 Qb7
$36) 22... Nxe4 23. Bh6 Rc8 (23... Nc3 24. Qd7 Rd8 25. Qg4 e4 $17 26. Nf5 $140
Bc8 $19) 24. Bb3 Nf6 (24... Rc7 $1 25. f4 Nc3 $17) 25. f4 $1 Be4 (25... exf4
26. Nf5 (26. Nxg6 hxg6 27. Qg5 Kh7 28. Bxf7 Be4 $19) 26... Bd5 $1 27. Bxd5 $5 (
27. Qxb8 Rxb8 28. Nxd6 Bxb3 29. b5 $44) 27... gxf5 (27... Qxb5 $140 28. Bxf7+
$1 Kxf7 29. Nxd6+ Ke6 30. Nxb5 $18) 28. Bb7 (28. Ra8 Qc7 (28... Qxb5 29. Rxc8+
Ne8 30. Bc6 $16) 29. Rxc8+ (29. Qc6 Qxc6 30. Bxc6 Rxa8 31. Bxa8 d3 $17) 29...
Qxc8 30. Bc4 Ng4 31. Qd5 Qe8 32. Qxd4 Nxh6 33. Qxd6 Qe3+ 34. Kf1 Qc1+ 35. Kf2
Ng4+ $19) 28... Be5 29. Ra8 Qxa8 30. Bxa8 Rxa8 31. Kf1 $16) (25... Bc6 26. Qxb8
Bxb8 27. fxe5 Bxe5 28. Nf3 Bxf3 29. gxf3 $15) 26. Qxb8 Rxb8 (26... Bxb8 27.
fxe5 Bxe5 28. Nf3 Bxf3 29. gxf3 $15) 27. Ra7 $44 Rxb4 28. Bxf7+ Kh8 29. Ba2 Bb7
30. fxe5 Bxe5 31. Nf3 Bb8 32. Ra3 Ng4 33. Bc1 Ne5 (33... Kg7 34. h3 Ne5 $17)
34. Ng5 d3 35. Rb3 $1 Ba7+ 36. Kf1 Ba6 37. Ke1 Ra4 38. Ra3 Rxa3 39. Bxa3 Bd4 (
39... Nc4 40. Bxc4 Bxc4 41. Kd2 Bb8 42. g3 Bc7 43. Bb4 $11 {[%cal Gg5f3,Gf3e1,
Ge1d3]}) 40. Kd2 Ng4 41. Nf3 Be3+ 42. Ke1 h6 (42... Kg7 43. Bb2+ Kf8 (43... Kh6
44. Bc3 $15) 44. Ba3+ Ke8 45. Bb4 $15) 43. h3 Bf2+ 44. Kd2 Ne3 45. Ne5 Nf1+ (
45... Nxg2 46. Nxg6+ (46. Nxd3 Bxd3 47. Kxd3 Nf4+ 48. Ke4 Nxh3 $17) 46... Kg7
47. Ne7 Be3+ 48. Kd1 Bg5 49. Bb2+ Kf8 50. Nf5 $15) 46. Kd1 Bb5 47. Bb3 Kh7 48.
Bb2 h5 (48... Ne3+ 49. Kd2 Nxg2 50. Nxd3 Bxd3 51. Kxd3 Nf4+ 52. Ke4 Nxh3 $17) (
48... Bg3 $5 49. Ng4 g5 $17 {[%csl Rg2,Rh3]}) 49. g4 Bg3 50. Nf3 Ne3+ $6 (50...
hxg4 51. hxg4 Ne3+ 52. Kd2 Nxg4 $17 (52... Bf4 53. g5 Nf5+ 54. Ke1 Bc6 55. Nd4
d2+ 56. Ke2 Nxd4+ 57. Bxd4 Bb5+ 58. Kf3 (58. Kd1 Bd7 $19) 58... Bxg5 59. Be3
Kh6 60. Bxg5+ Kxg5 61. Ke3 $11)) 51. Kd2 Bf4 52. gxh5 gxh5 53. Kc3 Ba6 54. Bc1
$1 $11 Bh6 55. Bxe3 Bxe3 {[%tqu "En","Find a forced draw","","","b3c4","",10]}
56. Bc4 $1 d2 57. Nxd2 $1 Bxd2+ 58. Kd3 $1 Bxc4+ 59. Kxc4 1/2-1/2

[Event "EU-chT (Men) 15th"]
[Site "Gothenburg"]
[Date "2005.08.07"]
[Round "9.2"]
[White "Kelly, Brian"]
[Black "San Segundo Carrillo, Pablo"]
[Result "0-1"]
[WhiteElo "2504"]
[BlackElo "2514"]
[Annotator "Huzman,A"]
[PlyCount "70"]
[EventDate "2005.07.30"]
[EventType "team-swiss"]
[EventRounds "9"]
[EventCountry "SWE"]
[SourceTitle "CBM 109"]
[Source "ChessBase"]
[SourceDate "2005.11.14"]
[SourceVersion "1"]
[SourceVersionDate "2005.11.14"]
[SourceQuality "1"]
[WhiteTeam "Ireland"]
[BlackTeam "Spain"]
[WhiteTeamCountry "IRL"]
[BlackTeamCountry "ESP"]

1. c4 Nf6 2. Nf3 e6 3. Nc3 d5 4. d4 dxc4 5. e3 a6 6. Bxc4 b5 7. Bb3 Bb7 8. O-O
c5 9. Qe2 Nbd7 10. Rd1 Qb8 11. d5 exd5 12. Nxd5 Bxd5 13. Bxd5 Nxd5 14. Rxd5 Be7
15. e4 Qb7 16. Bg5 f6 (16... Bxg5 17. Rad1 $16) 17. Bf4 (17. Rad1 Nb6 18. Bf4
O-O (18... Nxd5 19. exd5 O-O 20. d6 Bd8 21. d7 Bc7 22. Qe6+ Rf7 23. b4 $3 $16 {
1-0 Vaganian,R-Garcia Palermo,C/Reggio Emilia 1992/Inf 57/[Vaganian,R] (38)})
19. R5d2 (19. Rh5 g6 20. Rh3 Rfe8 21. e5 fxe5 22. Qxe5 Bf8 23. Qg5 Qe7 $15 {
1/2-1/2 Kummer,H-Zoebisch,H/Austria 1995/EXT 99 (45)}) 19... Rfe8 $1 (19...
Rad8 20. Rxd8 Rxd8 21. Rxd8+ Bxd8 $11 {0-1 Cohrs,C-Krallmann,M/Kassel 1996/EXT
98 (59)}) (19... Rae8 20. Nh4 c4 (20... g6 21. Bh6 Rf7 22. Qg4 Qc8 23. Qg3 Kh8
24. h3 Nc4 25. Rd7 Ne5 26. R7d5 c4 $15 {0-1 Ovchinikova,J-Novopashin,A/
Leningrad 1967/EXT 2002 (39)}) 21. Nf5 Bb4 22. Rd4 Bc5 23. Nd6 Bxd6 24. Bxd6
Rf7 {1/2-1/2 Vescovi,G-Baburin,A/Mermaid Beach 1998/CBM 62 ext (24)}) (19...
Rfd8 20. e5 Rxd2 21. Rxd2 Nc4 22. exf6 Bxf6 23. Rc2 Qe7 $11 {0-1 Popov,
V-Nielsen,P/Panormo 2002/CBM 90 ext (40)}) 20. e5 (20. Ne1 c4 21. Nc2 Bc5 22.
Re1 Qf7 23. Qg4 Qg6 24. Qf3 Ra7 25. Be3 Bxe3 26. Qxe3 Rd7 $11 {0-1 Riazantsev,
A-Zontakh,A/Budapest 1999/CBM 69 ext (63)}) 20... Bf8 (20... fxe5 21. Qxe5 Bf8
22. Qf5 (22. Qg5 Nc4 23. Rd7 Qe4 24. h4 Nxb2 25. Bd6 Qg6 26. Rd5 Qxg5 27. Rxg5
Rad8 28. Rxd8 {1/2-1/2 Kallai,G-Ekstroem,R/Baden 2001/EXT 2002 (28)}) 22... Qe4
23. Qxe4 Rxe4 24. g3 Na4 25. Be5 Re8 26. b3 Nb6 27. Bf4 Rc8 {1/2-1/2
Istratescu,A-Landa,K/Clermont-Ferrand FRA 2003/(27)}) 21. Qd3 Nc4 $1 22. Re2
fxe5 23. Bxe5 $6 Nxe5 24. Nxe5 c4 25. Qf5 Qe7 $1 26. Re3 Rad8 $15 {0-1 Atalik,
S-Topalov,V/Sarajevo 2001/CBM 84/[Atalik] (32)}) 17... O-O (17... Nb6 18. Re1 (
18. Rdd1 O-O 19. Nh4 Rfd8 (19... Rfe8 20. Qg4 $16 {1-0 Gilman,A-Kamenetsky,Y/
USSR 6/592 1968/[Suetin,A] (29)}) 20. Nf5 Bf8 21. f3 {1/2-1/2 Ionov,S-Danailov,
S/Alcobendas 1994/EXT 2000 (21)}) (18. Rd2 O-O 19. Nh4 Rfe8 (19... g6 20. Re1
Rfe8 21. Qg4 Bf8 22. f3 Qf7 $11 {1-0 Voidchessicc-Novik,M/playchess.com 2005/
CBM 106 ext (60)}) 20. Nf5 Bf8 21. f3 Nc4 22. Rd3 Ne5 23. Bxe5 Rxe5 24. Rad1 c4
25. Rd7 Qb6+ 26. Kh1 Rae8 27. Qd2 $36 {1-0 Petkevich,J-Archangelsky,M/Cappelle
la Grande 1995/EXT 97 (38)}) 18... O-O 19. Rdd1 Rfe8 20. e5 Bf8 21. e6 Qc6 22.
Nh4 $36 {1/2-1/2 Blagojevic,D-Nikcevic,N/Banja Vrucica 1991/EXT 97 (30)}) 18.
Nh4 (18. Re1 Rfe8 19. Qc2 Bf8 20. Rd2 c4 $15 {1-0 Dzevlan,M-Helgason,R/Sweden
2000/EXT 2002 (47)}) 18... Nb6 19. Rd3 Rfe8 20. Nf5 Bf8 21. Re1 Re6 (21... Rad8
22. Rxd8 (22. Nd6 Bxd6 23. Rxd6 Rxd6 24. Bxd6 Qc6 25. Bf4 Nd5 26. Bd2 Nc7 $11 {
1/2-1/2 Chuchelov,V-Schlosser,P/France 2001/EXT 2002 (34)}) 22... Rxd8 23. h4
Nc4 (23... c4 24. Qg4 Re8 25. e5 (25. Bd6 Na4 26. Bxf8 Rxf8 27. Rd1 Kh8 28. Rd2
g6 29. Ne3 Nc5 $11 {1/2-1/2 Gareev,T-Sorokin,M/St Petersburg RUS 2003/(35)})
25... fxe5 26. Bxe5 Re6 27. h5 $36 {1-0 Buturin,V-Mirzoev,A/Ubeda 1997/CBM 56
ext (40)}) (23... Qf7 24. h5 Kh8 25. Rd1 Rxd1+ 26. Qxd1 Qd7 27. Qf3 Nc4 28. b3
Nb6 29. Bc1 c4 $132 {0-1 Tan Tzer En-O'Cinneide,M/Moscow 1994/CBM 44 ext (39)})
24. h5 Re8 25. b3 Ne5 26. Bxe5 Rxe5 27. Qg4 c4 $11 {0-1 Hoi,C-Mikhalchishin,A/
Budapest 1989/CBM 15 (67)}) 22. f3 Rae8 23. Red1 Qc8 24. Qf2 c4 25. R3d2 b4 26.
Bd6 c3 27. Rd4 g6 28. Bxf8 Rxf8 29. Rxb4 $2 {[%mdl 8192] White underestimates
the power of the pawn c3.} (29. Ne3 $142 Na4 $132) 29... gxf5 (29... c2 30. Rc1
gxf5 31. Rxc2 Qd7 32. Rd4 Qe8 $15) 30. Rxb6 $2 (30. bxc3 $8 Rd8 (30... Nc4 $2
31. Rxc4 $1 Qxc4 32. Rd7 Rf7 33. Rd8+ Rf8 34. Rd7 $11) 31. Rxd8+ Qxd8 32. Rd4
Qc7 $17) 30... c2 $19 31. Rc1 Rd8 $1 32. Qg3+ Kf7 33. Rxe6 Qc5+ $1 34. Kf1 Qc4+
$1 (34... Rd1+ $19) 35. Ke1 Qb4+ (35... Qb4+ 36. Kf2 (36. Kf1 Rd1+ $19) 36...
Qd2+ $19) 0-1

[Event "EU-ch 6th"]
[Site "Warsaw"]
[Date "2005.06.18"]
[Round "1"]
[White "Lagowski, Patryk"]
[Black "Huzman, Alexander"]
[Result "0-1"]
[WhiteElo "2393"]
[BlackElo "2577"]
[Annotator "Huzman,A"]
[PlyCount "48"]
[EventDate "2005.06.18"]
[EventType "swiss"]
[EventRounds "13"]
[EventCountry "POL"]
[SourceTitle "CBM 108"]
[Source "ChessBase"]
[SourceDate "2005.09.26"]
[SourceVersion "1"]
[SourceVersionDate "2005.09.26"]
[SourceQuality "1"]

1. d4 Nf6 (1... d5 2. c4 dxc4 3. Nf3 Nf6 4. e3 e6 5. Bxc4 c5 6. O-O a6 7. Qe2
b5 8. Bb3 Bb7 9. Nc3 Nbd7 10. e4 cxd4 11. Nxd4 Bc5 12. Rd1 Qc7 13. Bc2 O-O 14.
Bg5 b4 (14... Rac8 15. Rac1 Rfd8 16. Nf3 Ne5 17. Rxd8+ Rxd8 18. Bf4 Bd6 19.
Nxe5 Bxe5 20. Bxe5 Qxe5 $15 {1/2-1/2 Braun,C-Wichmann,C/Germany 2001/CBM 82
ext (28)}) 15. Na4 Bd6 16. Nf3 Ng4 17. h3 h6 18. hxg4 hxg5 19. Nxg5 Rfd8 20.
Rd4 Bc6 21. Nf3 Bb5 22. Qd1 Ne5 $19 {1-0 Risc 2500-Chess Genius/3/93 Liebert
1993 (62)}) 2. c4 e6 3. Nf3 d5 4. Nc3 c6 5. e3 a6 6. Bd3 dxc4 7. Bxc4 c5 8. O-O
b5 9. Bb3 Bb7 10. Qe2 Nbd7 11. Rd1 Qc7 12. e4 cxd4 13. Nxd4 Bc5 14. Bg5 O-O $5
(14... Qb6 $6 15. Nf3 Ng4 16. Bh4 Nge5 17. Bg3 Nxf3+ 18. Qxf3 Nf6 19. Bh4 Bd4
20. Qg3 Nxe4 21. Nxe4 Bxe4 22. Rxd4 $1 Qxd4 23. Rd1 $18 {1-0 Aleksandrov,
A-Lutsko,I/Minsk 1993/EXT 99 (25)}) 15. Bxf6 $2 {The first step in the wrong
direction.} (15. Rac1 $1 Rfd8 (15... Qb6 16. Nf3 $1) 16. Nf3 Rac8 $11) 15...
Nxf6 16. e5 Nd7 $1 $17 17. Nxe6 $2 {[%mdl 8192] And finally White falls into
the trap.} (17. f4 Rfd8 18. Kh1 Nf8 19. Nc2 Ng6 $17) 17... fxe6 18. Bxe6+ Kh8
19. Rxd7 Rxf2 $1 $19 {[%mdl 64]} 20. Qxf2 ({Probably White overlooked that
after} 20. Rxc7 Rxg2+ $1 {he will be mated after both move of the Kg1.} 21. Kf1
(21. Kh1 Rg1#) 21... Rg1#) 20... Bxf2+ 21. Kxf2 Qb6+ 22. Kf1 Qxe6 23. Rxb7 Rf8+
24. Kg1 (24. Ke2 Qxe5+ 25. Kd3 Qd6+ 26. Kc2 Qc6 $19) 24... Qc6 $1 0-1

[Event "Elgoibar 07th"]
[Site "Elgoibar"]
[Date "1997.11.26"]
[Round "1"]
[White "Franco Ocampos, Zenon"]
[Black "Korneev, Oleg"]
[Result "0-1"]
[WhiteElo "2480"]
[BlackElo "2565"]
[Annotator "Huzman,A"]
[PlyCount "86"]
[EventDate "1997.11.26"]
[EventType "tourn"]
[EventRounds "9"]
[EventCountry "ESP"]
[EventCategory "10"]
[SourceTitle "CBM 063"]
[Source "ChessBase"]
[SourceDate "1998.03.26"]
[SourceVersion "1"]
[SourceVersionDate "1998.03.26"]
[SourceQuality "1"]

1. Nf3 (1. d4 d5 2. c4 dxc4 3. Nf3 Nf6 4. e3 a6 5. Bxc4 b5 6. Bb3 Bb7 7. O-O e6
8. Qe2 Nbd7 9. Nc3 c5 10. Rd1 Qc7 11. d5 c4 12. dxe6 fxe6 13. Bc2 Bc5 (13...
Bd6 14. e4 (14. Nd4 $2 Bxh2+ 15. Kh1 Nc5 16. f4 Bg3 17. a4 b4 18. Qxc4 bxc3 19.
b4 Qf7 20. Qxc5 Bd5 21. Kg1 Qh5 22. e4 Nxe4 23. Qc7 Nd2 {0-1 Frias,V-Blocker,C/
New York op 1985}) (14. h3 O-O 15. Bd2 b4 16. Na4 Ne4 17. Be1 Rxf3 18. Bxe4
Bxe4 19. gxf3 Bc6 20. Qc2 Ne5 $40 {1-0 Sinkovics,P-Crouch,C/Krumbach op 1991 
(40)} (20... Bxf3 $5 {[%csl Rg1]})) (14. Rd4 O-O 15. Rh4 Nc5 16. e4 e5 17. Bg5
h6 18. Bxf6 Rxf6 19. Nd5 Bxd5 20. exd5 Raf8 $17 {[%csl Rh4] 0-1 Granda Zuniga,
J-Magem Badals,J/Pamplona 1991 (29)}) 14... O-O 15. h3 Rae8 16. Kh1 Bf4 17.
Bxf4 Qxf4 18. Qd2 Qxd2 19. Nxd2 Ne5 20. f3 Nh5 $15 {0-1 Blocker,C-Shamkovich,L/
New York op 1985 (36)}) 14. Nd4 O-O-O (14... Qb6 15. a4 e5 16. axb5 (16. Nf5 $5
) 16... exd4 17. exd4+ Be7 18. d5 Qd6 19. bxa6 O-O $13 {0-1 Beckhuis,
G-Maksimenko,A/Muenster op 1996 (29)}) 15. e4 Qb6 16. Be3 Ne5 17. Nxe6 (17. Nf3
Bxe3 18. Nxe5 Bc5 19. a4 Qc7 $17 {0-1 Sashikiran,K-Gofshtein,L/Canadian op
1997 (26)}) 17... Rxd1+ 18. Rxd1 Bxe3 19. Qxe3 Qxe6 20. f4 Ned7 21. e5 Nd5 $17
{Klein,E-Adianto,U/New York op 1993/0-1 (37)}) 1... d5 2. e3 Nf6 3. c4 e6 4. d4
b6 5. Nc3 Bb7 6. Bd3 dxc4 7. Bxc4 a6 8. O-O b5 9. Bb3 Nbd7 10. Qe2 c5 11. Rd1
Qc7 12. d5 c4 13. dxe6 fxe6 14. Bc2 Bd6 (14... Bc5 15. Ng5 (15. Nd4 O-O 16. e4
Qb6 17. Be3 Ne5 18. a4 Neg4 19. a5 Qc7 20. g3 Nxe3 21. fxe3 Qe5 $17 {0-1 Onat,
I-Fernandez,A/Luzern olm 1982 (30)}) 15... Qe5 16. f4 Qxf4 17. Nxe6 Qe5 18.
Nxc5 Nxc5 19. Bd2 O-O $15 {0-1 Winser,W-Pomar Salamanca,A/Hastings 1959 (39)})
15. e4 O-O {The pawn structure,typical for the merano variant was formed after
the opponents had played accepted queen's gambit!Nice position of black pieces
does the position in favour of black.} 16. Bg5 Bc5 {[%cal Yf6g4,Yg4f2,Yg4h2,
Yf8f3]} (16... Ne5 $2 17. Nd4 {[%cal Gd4e6,Gd4b5]}) 17. Bh4 (17. h3 Nh5 $17 {
[%cal Yh5g3,Yh5f4]}) 17... Nh5 $1 18. Ng5 Nf4 19. Qd2 (19. Qg4 $5 Ne5 20. Nxe6
Nxg4 21. Nxc7 Rac8 22. N7d5 (22. Rd7 Ne5 $17) 22... Nxd5 23. Nxd5 Nxf2 (23...
g5 24. Bg3 Nxf2 25. Ne7+ Bxe7 (25... Kg7 26. Nf5+ Rxf5 27. Rd7+ Rf7 28. Rxf7+
Kxf7 29. Bxf2 Ke6 $15) 26. Bxf2 Bf6 27. Bd4 Rce8 $15) 24. Ne7+ Kh8 25. Bxf2
Bxf2+ 26. Kh1 Rce8 27. Rd7 $15) 19... Ne5 {[%cal Ye5d3,Yf4d3,Ya8d8,Yd8d1]} 20.
Bg3 Rad8 21. Qe1 Rxd1 22. Rxd1 Qe7 23. Bxf4 $8 Rxf4 $17 24. Nh3 Rf8 {[%csl Rh3]
[%cal Yg7g4,Gf8f2,Gc5f2]} 25. Kh1 $8 Qh4 $6 (25... g5 26. f3 g4 27. Qg3 $1 (27.
fxg4 Nxg4 28. Qg3 Qg7 $17) 27... Qg7 28. Nf4 $132) (25... Ng4 $1 26. Rd2 (26.
f3 Ne3 27. Rd2 Bd4 $17) 26... Qc7 27. Qg1 b4 (27... Qe5 $5 $17 {[%csl Re4,Rf2,
Rh2]}) 28. Na4 Ba7 $17 {[%csl Ra4,Rg1,Rh3]}) 26. f4 Qxe1+ 27. Rxe1 Ng4 {
[%cal Yg4e3]} 28. Nd1 h6 {[%csl Rh3]} 29. g3 Rd8 {The desicive edge of black
is determined by the advantage of two bishops,the controle over the open file
"d" and the passive position of white pieces.} 30. Re2 Bxe4+ (30... b4 $5 31.
Kg2 a5 $17) 31. Bxe4 (31. Rxe4 $2 Rd2 $19) 31... Rxd1+ 32. Kg2 Ne3+ 33. Kf3
Rf1+ (33... Nf5 $5 34. Bxf5 exf5 $19) 34. Rf2 b4 (34... Ra1 $5 35. a3 (35. b4
Bxb4 36. Kxe3 Bc5+ 37. Kf3 Bxf2 38. Nxf2 Rxa2 $19) 35... c3 $1 (35... Nf5 $5)
36. b4 Bb6 $19) 35. Rxf1 Nxf1 {[%csl Rh3][%cal Yf1h2,Yf1d2]} 36. Ke2 (36. Kg2
Nd2 $1 (36... Ne3+ 37. Kf3 c3 38. bxc3 bxc3 39. Nf2 c2 40. Nd3 Nd5 41. Bxd5
exd5 42. Ke2 Bb4 43. Nc1 $15) 37. Bc2 Bd4 (37... b3 38. axb3 cxb3 39. Bd3 Bd4 (
39... a5 $1 40. Nf2 Bd4 41. Nd1 (41. Ne4 Nxe4 42. Bxe4 Bxb2 43. Bc6 Bd4 44. Ba4
b2 45. Bc2) 41... a4 42. Bb5 a3 43. bxa3 b2 $19) 40. Bxa6 Bxb2 41. Ng1 {
[%cal Gg1f3]}) 38. b3 cxb3 $1 39. axb3 a5 40. Nf2 (40. Ng1 Bxg1 $1 (40... a4
41. bxa4 b3 42. Bd3 b2 43. Nf3 $11) 41. Kxg1 Nf3+ $1 (41... a4 $2 42. bxa4 b3
43. Bg6 b2 44. a5 $16) 42. Kf2 Nd4 43. Bd1 a4 44. bxa4 b3 $19) 40... a4 $19)
36... Nxh2 37. Bb7 a5 38. Ba6 c3 39. bxc3 bxc3 40. Bc4 Kf7 41. f5 (41. Kd3 Bb4
$19 {[%cal Yh2f3,Yf3e1]}) 41... Nf3 $1 42. fxe6+ Ke7 43. Kd3 (43. Bb3 Nd4+ 44.
Kd3 Nxb3 45. axb3 Bd4 46. Nf4 Be5 $19) 43... Bb4 (43... Bb4 44. Bb3 Ne1+ 45.
Kc4 c2 $19) 0-1

[Event "NED-ch55"]
[Site "Rotterdam"]
[Date "2000.05.17"]
[Round "9"]
[White "Grooten, Herman"]
[Black "Piket, Jeroen"]
[Result "0-1"]
[WhiteElo "2393"]
[BlackElo "2633"]
[Annotator "Huzman,A"]
[PlyCount "54"]
[EventDate "2000.05.07"]
[EventType "tourn"]
[EventRounds "11"]
[EventCountry "NED"]
[EventCategory "12"]
[SourceTitle "CBM 077"]
[Source "ChessBase"]
[SourceDate "2000.07.27"]
[SourceVersion "1"]
[SourceVersionDate "2000.07.27"]
[SourceQuality "1"]

1. d4 (1. Nf3 d5 2. e3 Nf6 3. c4 e6 4. d4 b6 5. Nc3 Bb7 6. Bd3 dxc4 7. Bxc4 a6
8. O-O b5 9. Bb3 Nbd7 10. Qe2 c5 11. Rd1 Qc7 12. d5 c4 13. dxe6 fxe6 14. Bc2
Bd6 15. e4 O-O 16. Bg5 Bc5 17. Bh4 Nh5 $1 18. Ng5 Nf4 19. Qd2 Ne5 20. Bg3 Rad8
21. Qe1 Rxd1 22. Rxd1 Qe7 23. Bxf4 Rxf4 $17 {0-1 Franco Ocampo,Z-Korneev,O/
Elgoibar 1997/CBM 63/[Huzman] (43)}) 1... Nf6 2. c4 e6 3. Nf3 d5 4. Nc3 dxc4 5.
e3 a6 6. Bxc4 b5 7. Bb3 Bb7 8. O-O c5 9. Qe2 Nbd7 10. Rd1 Qc7 11. d5 c4 12.
dxe6 fxe6 13. Bc2 Bd6 14. h3 (14. Rd4 O-O 15. Rh4 Nc5 16. e4 e5 17. Bg5 h6 18.
Bxf6 Rxf6 19. Nd5 Bxd5 20. exd5 Raf8 21. b4 cxb3 22. axb3 Qe7 23. Re4 Nxe4 24.
Qxe4 Qa7 $17 {0-1 Granda Zuniga,J-Magem Badals,J/Pamplona 1991/CBM 28 (29)}) (
14. e4 O-O 15. a3 (15. h3 Rae8 16. Kh1 Bf4 17. Bxf4 Qxf4 18. Qd2 Qxd2 19. Nxd2
Ne5 20. f3 Nh5 21. Nf1 Nf4 $15 {0-1 Blocker,C-Shamkovich,L/New York 1985/EXT
2000 (36)}) (15. Bg5 Bf4 16. Bxf4 Qxf4 17. Qd2 Qxd2 18. Rxd2 Nc5 19. e5 Ng4 20.
Nd4 Nxe5 21. Re1 Ned3 22. Bxd3 Nxd3 23. Rxe6 Rad8 $15 {1/2-1/2 Grinshpun,
E-Horvath,C/Budapest 1992/EXT 99 (30)}) 15... Rae8 16. h3 Ne5 17. Nd4 Ng6 18.
g3 Bc5 19. Be3 h5 20. Nf3 h4 21. Nxh4 Nxh4 22. gxh4 Bxe3 23. Qxe3 Nh5 $44 {
1-0 Bisguier,A-Acosta,M/Chicago 1987/EXT 99 (40)}) (14. Nd4 Bxh2+ 15. Kh1 Nc5
16. f4 Bg3 17. a4 b4 18. Qxc4 bxc3 19. b4 Qf7 20. Qxc5 Bd5 21. Kg1 Qh5 22. e4
Nxe4 23. Qc7 Nd2 {0-1 Frias,V-Blocker,C/New York 1985/EXT 2000 (23)}) 14... O-O
15. Ng5 {[%cal Gg5e4]} (15. Bd2 b4 16. Na4 Ne4 17. Be1 Rxf3 18. Bxe4 Bxe4 19.
gxf3 Bc6 20. Qc2 Ne5 21. f4 Nf3+ 22. Kf1 Nh2+ 23. Ke2 b3 24. axb3 cxb3 25. Qxb3
Bf3+ 26. Kd3 Bd5 27. Qc3 Qb7 $40 {1-0 Sinkovics,P-Crouch,C/Krumbach 1991/TD 
(41)}) 15... Nc5 16. b4 $2 cxb3 17. axb3 Be5 $1 (17... Bh2+ 18. Kh1 Be5 19. Bb2
b4 20. Na4 Nxa4 21. Bxe5 Qxe5 22. f4) 18. Rd4 (18. Bb2 b4 19. Na4 Nxa4 20. Bxe5
Qxe5 21. f4 Nc3 $19) 18... b4 19. Na2 h6 20. f4 (20. Nf3 Bxf3 21. gxf3 (21.
Qxf3 Nfe4 $17) 21... a5 $17 {/-+}) 20... Bxd4 21. exd4 hxg5 22. dxc5 gxf4 (
22... Qxc5+ 23. Be3 Qc7 24. fxg5 Nd5 25. Qh5 (25. Bg6)) 23. Qxe6+ Kh8 $19 24.
Qf5 Rae8 25. Bd3 (25. Bxf4 Qc6 26. Qg6 (26. Qg5 Re2 $19) 26... Re2 $19) 25...
Re5 26. Qxf4 Re1+ 27. Kh2 Ng4+ 0-1